• 首页
  • 本馆介绍
  • 公告通知
  • 最新文献
  • 馆藏检索
  • 电子资源
  • 读者导购
  • 参考咨询
  • 我的图书馆
  • 登录
  • 详细信息显示
  • 放入我的书架
  • 预约/预借图书
  • 作者相关作品
  • 分类相关作品
  • 丛书相关作品
  • 出版社相关作品

书目信息

  • 表格格式
  • 工作单格式
  • 卡片格式
题名:
投资者保护与并购收益问题研究
    
 
作者: 陈冬 著
分册:  
出版信息: 北京   人民出版社  2013
页数: 201页
开本: 23cm
丛书名:
单 册:
中图分类: F279.246
科图分类:
主题词: 上市公司--Shang Shi Gong Si--企业兼并--研究--中国
电子资源:
ISBN: 978-7-01-012417-9
000 01159nam0 22002411 450
001 350521
005 20161011165504.59
010    @a978-7-01-012417-9@dCNY36.00
100    @a20131210d2013 em y0chiy50 ea
101 0  @achi
102    @aCN@b110000
105    @ay z 000yy
106    @ar
200 1  @a投资者保护与并购收益问题研究@ATou Zi Zhe Bao Hu Yu Bing Gou Shou Yi Wen Ti Yan Jiu@dInvestors protection and corporate M&A performance@f陈冬著@zeng
210    @a北京@c人民出版社@d2013
215    @a201页@d23cm
330    @a本书在交易成本理论、产权理论、法与财务研究文献对企业边界分析的基础上,结合我国上市公司并购的实际与资本市场制度环境特征,系统地就并购双方所在地的地区投资者保护程度、我国资本市场投资者法律保护制度的动态变迁、实际控制人的两权分离对我国上市公司各类并购活动的活跃程度、并购活动的地域选择、关联及非关联并购中收购方的并购收益的影响展开理论和实证分析。
510 1  @aInvestors protection and corporate M&A performance@zeng
606 0  @a上市公司@AShang Shi Gong Si@x企业兼并@x研究@y中国
690    @aF279.246@v5
701  0 @a陈冬@AChen Dong@c(女,@f1977~)@4著
801  0 @aCN@bTANGWEI@c20160804
905    @b0890450-4@dF279.246@e1310@f5
    
    投资者保护与并购收益问题研究=Investors protection and corporate M&A performance/陈冬著.-北京:人民出版社,2013
    201页;23cm
    
    
    ISBN 978-7-01-012417-9:CNY36.00
    本书在交易成本理论、产权理论、法与财务研究文献对企业边界分析的基础上,结合我国上市公司并购的实际与资本市场制度环境特征,系统地就并购双方所在地的地区投资者保护程度、我国资本市场投资者法律保护制度的动态变迁、实际控制人的两权分离对我国上市公司各类并购活动的活跃程度、并购活动的地域选择、关联及非关联并购中收购方的并购收益的影响展开理论和实证分析。
●
相关链接 在E读中查询图书 在五车中查询图书 在当当中查询图书 在豆瓣中查询图书


正题名:投资者保护与并购收益问题研究     索取号:F279.246/1310         预约/预借

序号 登录号 条形码 馆藏地/架位号 状态 备注
1 0890450   208904505   第一样本阅览室/ [索取号:F279.246/1310] 在馆    
2 0890451   208904514   第一借阅区/ [索取号:F279.246/1310] 在馆    
3 0890452   208904523   第一借阅区/ [索取号:F279.246/1310] 在馆    
4 0890453   208904532   第一借阅区/ [索取号:F279.246/1310] 在馆    
5 0890454   208904541   密集书库-海洋学院/ [索取号:F279.246/1310] 在馆    
唐山师范学院图书馆 欢迎您!
大连网信软件有限公司© 版权所有